|
|
|
|
| LEADER |
00000nam0a2200000 4500 |
| 001 |
248992 |
| 005 |
20231101232433.0 |
| 010 |
|
|
|a 5708800194
|
| 035 |
|
|
|a (RuTPU)RU\TPU\book\270946
|
| 090 |
|
|
|a 248992
|
| 100 |
|
|
|a 20140129d1988 m y0rusy50 ca
|
| 101 |
0 |
|
|a rus
|
| 102 |
|
|
|a RU
|
| 105 |
|
|
|a a z 000zy
|
| 200 |
1 |
|
|a Азбука вязания
|f М. В. Максимова
|
| 205 |
|
|
|a 5-е изд. изм. и доп.
|
| 210 |
|
|
|a Москва
|c Легпромбытиздат
|d 1988
|
| 215 |
|
|
|a 240 с.
|c ил.
|
| 606 |
1 |
|
|a Домоводство
|2 stltpush
|3 (RuTPU)RU\TPU\subj\9989
|9 37135
|
| 610 |
1 |
|
|a вязание
|
| 610 |
1 |
|
|a пряжа
|
| 610 |
1 |
|
|a одежда
|
| 610 |
1 |
|
|a узоры
|
| 610 |
1 |
|
|a трикотаж
|
| 610 |
1 |
|
|a трикотажные изделия
|
| 610 |
1 |
|
|a рукоделие
|
| 675 |
|
|
|a 64
|v 3
|
| 700 |
|
1 |
|a Максимова
|b М. В.
|g Маргарита Васильевна
|
| 801 |
|
1 |
|a RU
|b 63413507
|c 20140129
|
| 801 |
|
2 |
|a RU
|b 63413507
|c 20140131
|g RCR
|
| 942 |
|
|
|c BK
|